01365nam a2200361Ia 4500001001200000003000800012006001900020007001500039008004100054010001700095020001800112020001500130020001800145020001500163040002100178035002100199050002300220245014300243260005900386300001600445490002800461504005100489533015200540650002200692650002600714650001900740655002900759700002200788700002100810710001700831830002900848856012600877ebr10288731CaPaEBRm u cr cn|||||||||081208s2009 enk sb 001 0 eng d z 2008052666 z9780754672593 z075467259X z9780754689386 z0754689387 aCaPaEBRcCaPaEBR a(OCoLC)42991774014aK3280b.P47 2009eb00aPermutations of orderh[electronic resource] :breligion and law as contested sovereignties /cedited by Thomas G. Kirsch, Bertram Turner. aFarnham, England ;aBurlington, VT :bAshgate,cc2009. axii, 269 p.1 aLaw, justice, and power aIncludes bibliographical references and index. aElectronic reproduction.bPalo Alto, Calif. :cebrary,d2011.nAvailable via World Wide Web.nAccess may be limited to ebrary affiliated libraries. 0aReligion and law. 0aLegal polycentricity. 0aCustomary law. 7aElectronic books.2local1 aKirsch, Thomas G.1 aTurner, Bertram.2 aebrary, Inc. 0aLaw, justice, and power.40uhttp://site.ebrary.com/lib/rucke/Doc?id=10288731zAn electronic book accessible through the World Wide Web; click to view